000 00464nam a22001457a 4500
003 PILC
005 20150929102716.0
008 150929b xxu||||| |||| 00| 0 eng d
050 _aHD 31
_b.In63 1986
100 _aIñigo, Jr, Conrado E.
245 _aManagement for Filipinos :
_bprinciples and applications /
_cConrado E. Iñigo.
300 _axvi, 320 pages :
_billustrations ;
_c24 cm.
500 _aIncludes bibliographical references.
942 _2lcc
_cBK
_kLOC
999 _c288772
_d288772